000 00955 a2200229 4500
001 37600
005 20260407155643.0
008 260407a1994 arg spa d
003 AR-UNSa-BCEJYS
040 _aAR-UNSa-BCEJYS
_bspa
_cAR-UNSa-BCEJYS
080 _a51-7
_xEstudios y métodos matemáticos en otros campos del conocimiento. Matemáticas científicas. Matemáticas actuariales (Matemáticas Financieras)
245 1 0 _aMatemáticas financieras
020 _a970-15-0818-1
264 1 _aMéxico :
_bAlfaomega
_c1994
300 _a201 p.
_c22 cm.
505 _a1. Logaritmos - 2. Progresiones - 3. Depreciación - 4. Interés simple y descuento simple - 5. Interés compuesto - 6. Anualidades - 7. Amortización - 8. Bonos
041 _aspa
942 _cBK
590 _aniveau_biblio:m niveau_hierar:0
100 1 _aRivera Salcedo, Jorge
856 4 1 _uhttps://biblioeco.unsa.edu.ar/pmb/images/libros/L125680.jpg
_yImagen de portada
_qimage/jpeg
999 _c2772
_d2772